Normal view
MARC view
Entry Personal Name
001 - CONTROL NUMBER
- control field: 40807
003 - CONTROL NUMBER IDENTIFIER
- control field: ARRUPE
005 - DATE AND TIME OF LATEST TRANSACTION
- control field: 20180320123530.0
008 - FIXED-LENGTH DATA ELEMENTS
- fixed length control field: 180320|| aca||aabn | a|a d
040 ## - CATALOGING SOURCE
- Original cataloging agency: ARRUPE
- Transcribing agency: ARRUPE
100 ## - HEADING--PERSONAL NAME
- Personal name: Evrard, Louis tr.
670 ## - SOURCE DATA FOUND
- Source citation: Work cat.: (ARRUPE): Gulik, Robert van 40805, La vie sexuelle dans la Chine ancienne , 1971